Linus Luu
Cambridge A
Categories
Science - Physics | 0 | 4 | 1 | 1 | 35 | 78 | 105.75 | 2 | 4 |
Science - Chemistry | 1 | 1 | 0 | 0 | 25 | 45 | 72.50 | 1 | 2 |
Social Science | 0 | 2 | 1 | 0 | 15 | 58 | 95.00 | 1 | 1 |
Geography | 1 | 0 | 0 | 0 | 15 | 63 | 63.00 | 1 | 1 |
Other Science: Math | 0 | 1 | 0 | 0 | 10 | 104 | 104.00 | 0 | 1 |
Philosophy | 0 | 1 | 0 | 0 | 10 | 80 | 80.00 | 0 | 1 |
Other Science: Earth Science | 0 | 1 | 0 | 0 | 10 | 134 | 134.00 | 0 | 0 |
Other Academic | 0 | 1 | 0 | 0 | 10 | 86 | 86.00 | 0 | 1 |
Other Science: Computer Science | 0 | 1 | 0 | 0 | 10 | 94 | 94.00 | 0 | 1 |
Chemistry> | 0 | 1 | 0 | 0 | 10 | 118 | 118.00 | 0 | 1 |
History - European History | 0 | 0 | 1 | 0 | -5 | 0.00 | 0 | 0 |